000 10760cam a22021014i 4500
001 u22433
003 PE-LiUPU
005 20250813165440.0
008 151216s1996 mx a rb 001 0 spa d
020 _a9688806854
020 _a9789688806852
035 _a(Sirsi) i9789688806852
040 _aPE-LiUPU
_bspa
_cPE-LiUPU
_dPE-LiUPU
_erda
049 _aPRUA
082 0 4 _a658
_bS82 1996
_221
100 1 _aStoner, James A. F.,
_eautor.
245 1 0 _aAdministración /
_cJames A. F. Stoner, R. Edward Freeman, Daniel R. Gilbert, JR.
250 _aSexta Edición.
264 1 _aMéxico :
_bPrentice Hall,
_c1996.
300 _axxiv, 688 páginas :
_bilustraciones ;
_c27 centímetros
336 _atext
_2rdacontent
337 _aunmediated
_2rdamedia
338 _avolume
_2rdacarrier
504 _aBibliografía: páginas N1-N30.
504 _aÍndice: páginas I1-I28.
505 0 _aIntroducción a la administración -- Administración y gerentes -- Evolución de la teoría administrativa -- La administración en el siglo XXI -- Ambiente organizacional y natural -- Responsabilidad social y ética -- La globalización y la administración -- Cómo inventar y reinventar organizaciones -- Cultura y pluricultural ismo -- Calidad -- La planificación -- Toma de decisiones -- Planificación y administración estratégicas -- Implantación de estrategias -- La organización -- Diseño y estructura organizacional -- Poder y distribución de autoridad -- Administración de recursos humanos -- Administración del cambio e innovación -- Organizacional -- La dirección -- Motivación -- Liderazgo -- Equipos y trabajo en equipo -- Comunicación y negociación -- El control -- Control efectivo -- Administración de operaciones -- Sistemas de información -- Administración y gerentes -- Las organizaciones y la necesidad de administrarlas -- Proceso administrativo -- Tipo de gerentes -- Gerentes generales y gerentes funcionales -- Niveles y habilidades administrativos -- El desafío de la administración -- Calidad -- Pequeña empresa -- Evolución de la teoría administrativa -- Escuela de la administración científica -- Escuela de la teoría clásica de la organización -- Teorías de las relaciones -- Escuela de la ciencia de la administración -- Avances recientes de la teoría de la administración -- Enfoque de sistemas -- Enfoque de contingencias -- Ambiente organizacional y natural -- La importancia del ambiente organizacional y natural -- Elementos de acción directa del entorno -- Cómo administrar las relaciones entre múltiples grupos de interés -- Elementos de acción indirecta del ambiente -- Los ambientes naturales -- Calidad -- Pequeña empresa -- Responsabilidad social y ética -- Ética y responsabilidad social, hoy -- El cambio hacia lo ético -- Instrumentos de la ética -- La globalización y la administración -- El significado de globalización -- Globalización y competitividad -- La influencia de los gobiernos en la competitividad -- Un panorama internacional cambiante -- Breve historia de la globalización moderna -- Las prácticas globales de las empresas -- La administración en el año 2000 y después: cómo lograr la proximidad global -- Cómo inventar y reinventar organizaciones -- La pequeña empresa -- El significado del espíritu emprendedor -- La importancia del espíritu emprendedor -- Cómo reinventar las organizaciones -- Cultura y pluricultural ismo -- Definición de la cultura en la organización -- Cultura corporativa y su desempeño -- La calidad -- Definición de calidad -- Los 14 puntos de Deming -- Las ideas básicas -- La planificación -- Toma de decisiones -- El tiempo y las relaciones humanas en la toma de decisiones -- Detección de problemas y oportunidades -- Cómo tomar la decisión de decidir -- Naturaleza de la toma de decisiones gerenciales -- Modelo racional para tomar decisiones -- Planificación y administración estratégicas -- Planificación: una idea gerencial -- Importancia de la planificación en las organizaciones -- Diferencias entre los planes estratégicos y los operativos -- Evolución del concepto de la estrategia -- Niveles de estrategia: Algunas diferencias clave -- El contenido de la estrategia corporativa -- La administración en el año 2000 y después: estrategia colectiva -- Implantación de estrategias -- Adecuación entre estructura y estrategia -- Cómo institucionalizar la estrategia -- Cómo hacer que la estrategia sea operativa -- Cómo usar los procedimientos para facilitar su implantación -- La administración en el año 2000 y después: hay que reconsiderar las recompensas.
526 _aP203
526 _aP200
526 _aSEG65
526 _aSEG64
526 _aSEG63
526 _aSEG62
526 _aSEG61
526 _aSEG60
526 _aSEG59
526 _aSEG58
526 _aSEG57
526 _aSEG56
526 _aSEG55
526 _aSEG54
526 _aSEG53
526 _aSEG52
526 _aSEG51
526 _aSEG50
526 _aSEG49
526 _aSEG48
526 _aSEG47
526 _aSEG46
526 _aSEG24
526 _aSEG23
526 _aSEG22
526 _aSEG21
526 _aSEG20
526 _aSEG19
526 _aSEG18
526 _aSEG17
526 _aSEG16
526 _aSEG14
526 _aSEG13
526 _aSEG12
526 _aSEG11
526 _aSEG10
526 _aSEG09
526 _aSEG06
526 _aSEG05
526 _aSEG04
526 _aSEG03
526 _aSEG02
526 _aSEG68
526 _aSEG66
526 _aSEG45
526 _aSEG25
526 _aSEG01
526 _aP163
526 _aP162
526 _aP161
526 _aP160
526 _aP159
526 _aP158
526 _aP157
526 _aP156
526 _aP155
526 _aP154
526 _aP153
526 _aP152
526 _aP151
526 _aP150
526 _aP149
526 _aP142
526 _aP141
526 _aP140
526 _aP139
526 _aP138
526 _aP137
526 _aP132
526 _aP131
526 _aP130
526 _aP126
526 _aP125
526 _aP124
526 _aP123
526 _aP115
526 _aP122
526 _aP121
526 _aP116
526 _a P114
526 _aP112
526 _aP111
526 _aP104
526 _aP103
526 _aP102
526 _aP101
526 _aP100
526 _aP96
526 _aP95
526 _aP93
526 _aP92
526 _aP91
526 _aP88
526 _aP83
526 _aP82
526 _aP79
526 _aP78
526 _aP75
526 _aP74
526 _aP71
526 _aP69
526 _a P51
526 _aP49
526 _aP48
526 _aP47
526 _aP33
526 _aP31
526 _a P30
526 _aP29
526 _aP27
526 _aP26
526 _aP25
526 _aP24
526 _a P22
526 _aP10
526 _aP09
526 _a P08
526 _aP06
526 _aP05
526 _aP04
526 _aP01
596 _a1 2 3
650 1 4 _aAdministración.
_94009
700 1 _aFreeman, R. Edward,
_eautor.
700 1 _aGilbert, Daniel JR.,
_eautor.
910 _csahm
942 _2ddc
_cBOOK
994 _aC0
_bPEPRU
949 _a658 S82 1996
_wDEWEY
_c1
_i50983
_d2018-4-1
_e2016-4-7
_f2018-3-16
_g1
_lCCODEBUL1
_mBUL
_n1
_p20.00
_q1
_r0
_sY
_tBOOK
_u2015-6-24
_xFCE
_PP04
_0COMPRA
_o.STAFF. Colección Ciencias Empresariales
949 _a658 S82 1996
_wDEWEY
_c1
_iFJ00703
_d2018-5-21
_lCCODEBUJ1
_mBUJ
_p20.00
_q3
_r0
_sY
_tBOOK
_u2016-5-25
_xFCE
_PP04
_0COMPRA
_o.STAFF. Colección General Juliaca
949 _a658 S82 1996
_wDEWEY
_c2
_i46998
_f2017-2-14
_g1
_lLOST
_mBUL
_r1
_sY
_tBOOK
_u2015-6-24
_xTEOLOGIA
_zUNKNOWN
_0COMPRA
_o.STAFF. Colección General
949 _a658 S82 1996
_wDEWEY
_c2
_iFJ10044
_d2018-4-30
_e2018-4-29
_lCCODEBUJ1
_mBUJ
_n1
_p20.00
_q2
_r0
_sY
_tBOOK
_u2016-5-25
_xFCE
_PP04
_0COMPRA
_o.STAFF. Colección Gneral Juliaca
949 _a658 S82 1996
_wDEWEY
_c3
_i46223
_d2018-4-27
_e2018-4-23
_f2018-2-12
_g2
_lCCODEBUL1
_mBUL
_n7
_q4
_r0
_sY
_tBOOK
_u2015-6-24
_xFCE
_zUNKNOWN
_0COMPRA
_o.STAFF. Colección Ciencias Empresariales
949 _a658 S82
_wDEWEY
_c1
_iFT00761
_d2017-11-22
_e2017-11-21
_lCCODEBUT1
_mBUT
_n3
_p24.00
_r0
_sY
_tBOOK
_u2015-12-16
_xFCE
_PP01
_0COMPRA
_o.STAFF. Colección General
949 _a658 S82
_wDEWEY
_c2
_iFT00494
_d2017-11-22
_e2017-11-21
_lCCODEBUT1
_mBUT
_n4
_p24.00
_r0
_sY
_tBOOK
_u2015-12-16
_xFCE
_PP01
_0COMPRA
_o.STAFF. Colección General
949 _a658 S82
_wDEWEY
_c3
_iFT00495
_d2017-10-18
_e2017-10-18
_lCCODEBUT1
_mBUT
_n2
_p24.00
_r0
_sY
_tBOOK
_u2015-12-16
_xFCE
_PP01
_0COMPRA
_o.STAFF. Colección General
999 _a658 S82 1996
_wDEWEY
_c23004
_i50983
_d23004
_e2020-1-19
_f2021-11-5
_g4
_lCCODEBUL1
_mBUL
_n5
_p20.00
_q2
_r0
_sY
_tBOOK
_u2015-6-24
_xFCE
_PP04
_0COMPRA
_o.STAFF. Colección Ciencias Empresariales
999 _a658 S82 1996
_wDEWEY
_c2
_i46998
_f2017-2-14
_g1
_lLOST
_mBUL
_r1
_sY
_tBOOK
_u2015-6-24
_xTEOLOGIA
_zUNKNOWN
_0COMPRA
_o.STAFF. Colección General
999 _a658 S82 1996
_wDEWEY
_c3
_i46223
_d2018-6-26
_e2018-4-23
_f2019-12-12
_g4
_lCCODEBUL1
_mBUL
_n7
_p20.00
_q5
_r0
_sY
_tBOOK
_u2015-6-24
_xFCE
_PP04
_0COMPRA
_o.STAFF. Colección Ciencias Empresariales
999 _a658 S82
_wDEWEY
_c1
_iFT00761
_d2019-5-10
_e2019-5-9
_f2019-2-20
_g3
_lCCODEBUT1
_mBUT
_n5
_p24.00
_r0
_sY
_tBOOK
_u2015-12-16
_xFCE
_PP01
_0COMPRA
_o.STAFF. Colección General
999 _a658 S82
_wDEWEY
_c2
_iFT00494
_d2017-11-22
_e2017-11-21
_f2019-2-20
_g3
_lCCODEBUT1
_mBUT
_n4
_p24.00
_r0
_sY
_tBOOK
_u2015-12-16
_xFCE
_PP01
_0COMPRA
_o.STAFF. Colección General
999 _a658 S82
_wDEWEY
_c3
_iFT00495
_d2017-10-18
_e2017-10-18
_f2019-2-20
_g3
_lCCODEBUT1
_mBUT
_n2
_p24.00
_r0
_sY
_tBOOK
_u2015-12-16
_xFCE
_PP01
_0COMPRA
_o.STAFF. Colección General
999 _a658 S82 1996
_wDEWEY
_c1
_iFJ00703
_d2019-4-29
_f2022-1-31
_g3
_lCCODEBUJ1
_mBUJ
_p20.00
_q6
_r0
_sY
_tBOOK
_u2016-5-25
_xFCE
_PP04
_0COMPRA
_o.STAFF. Colección General Juliaca
999 _a658 S82 1996
_wDEWEY
_c2
_iFJ10044
_d2019-4-24
_e2018-4-29
_f2018-12-20
_g1
_lCCODEBUJ1
_mBUJ
_n1
_p20.00
_q4
_r0
_sY
_tBOOK
_u2016-5-25
_xFCE
_PP04
_0COMPRA
_o.STAFF. Colección Gneral Juliaca
980 _81
_gALBERTO SANCHEZ Responsable de Automatización